| 000 | 00887nam a22002415i 4500 | ||
|---|---|---|---|
| 001 | 169061 | ||
| 003 | ES-MaACL | ||
| 005 | 20230906213959.0 | ||
| 008 | 080805s1998 sp |||| | spa d | ||
| 020 | _a84-8103-191-7 | ||
| 080 | _a929 Pérez Galdós, Benito (064.3) | ||
| 080 | _a821.134.2 Pérez Galdós, Benito (064.3) | ||
| 245 | 0 | 0 |
_aGaldós y el 98 _b: un itinerario a través del tema de España : exposición, del 13 de noviembre al 13 de diciembre. |
| 260 |
_aLas Palmas de Gran Canaria : _bCabildo de Gran Canaria, _c1998. |
||
| 300 |
_a109 p. : _bil. col. ; _c29 cm. |
||
| 504 | _aBibliografía. | ||
| 600 | 1 | 4 |
_aPérez Galdós, Benito, _d1843-1920- _vExposiciones _990877 |
| 655 | 7 |
_2tgfbne _9193628 _aCatálogos de exposiciones |
|
| 710 | 1 |
_aGran Canaria. _bCabildo Insular. _92264 |
|
| 852 | 4 |
_aES-MaACL _jL-29586 |
|
| 942 | _2udc | ||
| 999 |
_c169061 _d169061 |
||